000 00364nam a22001577a 4500
003 MPLRDC
005 20220104123646.0
008 210129b ||||| |||| 00| 0 eng d
082 _a415.83 CQF
100 _a陈秋帆译
245 _a夜尿症疗法
_c
260 _a
_b文新书屋
_c
300 _b
650 _a泌尿器官病
942 _cBK
_o415.83 CQF
999 _c13167
_d13157